Red and White Bicolour Flags but It’s Really Confusing - Statistics

General Stats
  • This quiz has been taken 2 times
  • The average score is 2 of 15
Answer Stats
Picture Answer % Correct
Poland
100%
Indonesia
50%
Monaco
50%
Brandenburg
0%
Cantabria
0%
Hesse
0%
Obwalden
0%
Salzburg
0%
Solothurn
0%
Thuringia
0%
Tryol
0%
Upper Austria
0%
Utrecht
0%
Vienna
0%
Vorarlberg
0%
No matching quizzes found
Score Distribution
Percent of People with Each Score
Percentile by Number Answered
Your Score History
You have not taken this quiz